Music Quiz

Random Music or Artist Quiz

Music Group Name Beginnings Quiz Stats

 Plays Quiz Updated Jun 11, 2019

Score 0/40 Timer 05:00
1 Play Today
% Correct
Guns
97.8%
Red
97.5%
Pink
97.5%
Led
97.2%
Backstreet
97.1%
Earth
96.8%
Bee
96.8%
Destiny’s
96.1%
Sex
96%
Iron
96%
Green
95.7%
Van
95.4%
Kings
95.2%
Fleetwood
95%
Linkin
95%
Mötley
95%
Mumford
94.5%
Def
94%
Blink
93.7%
Tears
93.5%
% Correct
Deep
93.5%
Public
93%
Pearl
93%
Rage
92.9%
Dire
92.7%
Arctic
92.7%
Daft
92.6%
Steve
92.5%
Talking
92.2%
Imagine
92.1%
Run
91.2%
Cheap
91.1%
Alice
91.1%
Fifth
90.9%
Creedence
90.4%
Grateful
90.3%
Hall
89.5%
Depeche
89.5%
Kool
89.1%
Blue
88.7%

You're not logged in!

Compare scores with friends on all Sporcle quizzes.
OR
Log In

Sporcle TV

Today on Sporcle TV


Watch our educational content, quiz creation guides, and fun videos on Sporcle TV.

Show Comments

Extras

Top Quizzes Today


Score Distribution

Your Account Isn't Verified!

In order to create a playlist on Sporcle, you need to verify the email address you used during registration. Go to your Sporcle Settings to finish the process.

Report this User

Report this user for behavior that violates our Community Guidelines.

Details: